000 00626nam a2200229Ia 4500
003 OSt
005 20220928112332.0
006 a|||||r|||| 00| 0
007 ta
008 220927b |||||||| |||| 00| 0 eng d
024 _a60099
037 _cTextual
040 _aSDCL
_cSDCL
_beng
041 _2eng
_aeng
082 _aR86, N7
100 _aChukwudieze Emmanuel Ed.
_9427511
245 0 _aAmerican philosophy
_b A critical reader.
260 _aUSA
_bBlackwell Publishers
_c1997
300 _aix,374p
_ccm.
942 _hR86, N7
_cTEXL
_2CC
999 _c744316
_d744316